| 000 | 00619nam a2200181 i 4500 | ||
|---|---|---|---|
| 001 | 140042 | ||
| 003 | ES-MaACL | ||
| 005 | 20230906200001.0 | ||
| 007 | t| | ||
| 008 | 070214s1961 sp r ||||1| spa d | ||
| 100 | 1 |
_aSchmitt, Heinrich. _9104519 |
|
| 245 | 1 | 0 |
_aTratado de construcción _b: elementos, estructuras y reglas fundamentales de la construcción / _cHeinrich Schmitt ; [traductor, Adrián Margarit]. |
| 260 |
_aBarcelona : _bGustavo Gili, _c1961. |
||
| 300 |
_a560 p. : _bil. ; _c32 cm. |
||
| 650 | 4 |
_aConstrucción. _911295 |
|
| 700 | 1 |
_aMargarit, Adrian. _976617 |
|
| 852 |
_aES-MaACL _jC-19456 _bR.47941 |
||
| 999 |
_c140042 _d140042 |
||